Green walls in high-rise buildings : An output of the CTBUH sustainability working group /

Gespeichert in:
Bibliographische Detailangaben
Hauptverfasser: Wood, Antony (Verfasst von), Bahrami, Payam (Verfasst von), Safarik, Daniel (Verfasst von)
Format: Buch
Sprache:Englisch
Veröffentlicht: Mulgrave, Victoria, Australia : Images Publishing Group, 2014
Ausgabe:1. vydanie
Schlagworte:
Tags: Tag hinzufügen
Keine Tags, Fügen Sie das erste Tag hinzu!

MARC

LEADER 00000nam a22000003a 4500
001 0023222
003 SK-STU
005 20170406083127.1
007 ta
008 170406s ----xo-----e------000-0-----d
020 |a 978-186470-593-5 
040 |a STU  |b slo 
041 0 |a eng 
044 |a at 
100 1 |a Wood, Antony  |4 aut  |r Z6 
245 1 0 |a Green walls in high-rise buildings :  |b An output of the CTBUH sustainability working group /  |c aut. Antony Wood, Payam Bahrami, Daniel Safarik 
250 |a 1. vydanie 
260 |a Mulgrave, Victoria, Australia :  |b Images Publishing Group,  |c 2014 
300 |a 240 s. 
650 0 7 |a výšková budova 
650 0 7 |a mrakodrap 
650 0 7 |a energetická efektívnosť budov 
650 0 7 |a trvalo udržateľný rozvoj 
650 0 7 |a sustainable architecture 
700 1 |a Bahrami, Payam  |r Z6  |4 aut 
700 1 |a Safarik, Daniel  |r Z6  |4 aut 
996 |b 284AU06974  |c A* 10108/U  |l AAKNST  |s P  |a 0  |w 0023222_0001